000 00378cam a2200145ua 4500
041 _aeng
_h
082 _a828.09
_bWIL/MA
100 _aWilson, F.P .
245 _aMarlowe and the early Shakespeare /
_cF.P.Wilson.
_hTextual Documents
260 _aLondon :
_bOxford at the Clarendon Press ,
_c1951.
300 _a144 ; .
504 _a
942 _cBK
999 _c11380
_d11380